Statistiques concernant Dialogue Anakin - Obi-Wan, Star Wars Épisode III

Cliquez ici pour prendre le quiz!

Statistiques générales

  • Ce quiz a été pris 85 fois
  • Le résultat moyen est 37 sur 43

Statistiques - réponses

PersonnageRéplique% Correct
Obi-WanTu
98%
tu
98%
tu
98%
Tu
98%
à
97%
étais
92%
la
92%
La
92%
la
92%
la
92%
l'élu,
92%
Anakin.
91%
hais!
91%
Je
91%
AnakinJe
91%
te
91%
devais
89%
pas
89%
pas
89%
Siths
86%
toi.
86%
c'était
84%
comme
84%
comme
84%
les
84%
prophétie
84%
eux!
83%
force,
83%
dans
81%
l'équilibre
81%
que
81%
que
81%
condamner
80%
nuit!
80%
t'aimais
80%
des
77%
deviennes
77%
frères.
73%
Obi-WanNous
73%
voulait
73%
étions
72%
détruises
69%
amener
64%

Distribution des résultats

Percentile par nombre de réponses

% des personnes avec chaque résultat

Votre développement - résultats

Vous n’avez pas pris ce quiz